Fundamentos de química analítica
-д хадгалсан:
| Үндсэн зохиолчид: | , , , |
|---|---|
| Формат: | Ном |
| Хэл сонгох: | испани |
| Хэвлэсэн: |
Madrid
Thomson
2005
|
| Хэвлэл: | 8a. ed |
| Нөхцлүүд: | |
| Шошгууд: |
Шошго нэмэх
Шошго байхгүй, Энэхүү баримтыг шошголох эхний хүн болох!
|
MARC
| LEADER | 00000nam a2200000 a 4500 | ||
|---|---|---|---|
| 001 | UCJ1194 | ||
| 003 | CL-VaPUC | ||
| 008 | 061006e20050000SP |||||||||||||||||spa|d | ||
| 020 | |a 8497323335 | ||
| 082 | 0 | 4 | |a 543 |b SKO |2 21 |
| 100 | 0 | |a Skoog, Douglas A |e author |9 501696 | |
| 700 | 0 | |a West, Donald M |e author |9 501697 | |
| 700 | 0 | |a Holler, F. James |e author |9 501698 | |
| 700 | 0 | |a Crouch, Stanley R |e author |9 501699 | |
| 245 | 1 | 0 | |a Fundamentos de química analítica |
| 250 | |a 8a. ed | ||
| 300 | |a 1065 p | ||
| 942 | |c BK | ||
| 945 | |d 20061006 00:00:00 |a cmena | ||
| 260 | |a Madrid |b Thomson |c 2005 | ||
| 500 | |a Incluye Cd-Rom | ||
| 650 | 0 | |a Química analítica |9 259648 | |
| 650 | 0 | |a Análisis químico |9 344456 | |
| 650 | 0 | |a Electroquímica |9 263973 | |
| 650 | 0 | |a Espectroscopía |9 306791 | |
| 650 | 0 | |a Cromatografía |9 263967 | |
| 583 | |a last modification |c 20061006 00:00:00 |k Rodrigo Vera | ||
| 999 | |c 317855 |d 317853 | ||
| 952 | |0 0 |1 0 |4 0 |6 543_000000000000000_SKO_2005 |7 0 |8 A |9 394863 |a BIBCUR |b BIBCUR |d 2019-11-22 |i 4284224 |o 543 SKO 2005 |p 4284224 |r 2025-04-22 |w 2019-11-22 |y BK |k QUI | ||
| 952 | |0 0 |1 0 |4 0 |6 543_000000000000000_SKO_2005 |7 0 |8 A |9 394864 |a BIBCUR |b BIBCUR |d 2019-11-22 |i 4284232 |l 3 |o 543 SKO 2005 |p 4284232 |r 2025-04-22 |s 2024-08-29 |w 2019-11-22 |y BK |k QUI | ||
| 952 | |0 0 |1 0 |4 0 |6 543_000000000000000_SKO_2005 |7 0 |8 A |9 394865 |a BIBCUR |b BIBCUR |d 2019-11-22 |i 4284240 |l 1 |o 543 SKO 2005 |p 4284240 |q 2019-03-27 |r 2020-08-21 |s 2020-08-21 |w 2019-11-22 |y BK |k QUI | ||
| 952 | |0 0 |1 0 |4 0 |6 543_000000000000000_SKO_2005 |7 0 |8 A |9 394866 |a BIBCUR |b BIBCUR |d 2019-11-22 |i 4284259 |l 6 |o 543 SKO 2005 |p 4284259 |r 2025-04-22 |s 2024-05-03 |w 2019-11-22 |y BK |k QUI | ||
| 952 | |0 0 |1 0 |4 0 |6 543_000000000000000_SKO_2005 |7 0 |8 A |9 394867 |a BIBCUR |b BIBCUR |d 2019-11-22 |i 4284267 |l 2 |o 543 SKO 2005 |p 4284267 |r 2025-04-29 |s 2025-04-22 |w 2019-11-22 |y BK |k QUI | ||
| 952 | |0 0 |1 0 |4 0 |6 543_000000000000000_SKO_2005 |7 0 |8 A |9 394868 |a BIBCUR |b BIBCUR |d 2019-11-22 |i 4466896 |l 1 |m 1 |o 543 SKO 2005 |p 4466896 |r 2025-04-22 |s 2022-10-21 |w 2019-11-22 |y BK |k QUI | ||
| 952 | |0 0 |1 0 |4 0 |6 543_000000000000000_SKO_2005 |7 0 |8 A |9 394869 |a BIBCUR |b BIBCUR |d 2019-11-22 |i 446690K |l 2 |o 543 SKO 2005 |p 446690K |r 2025-04-22 |s 2023-09-11 |w 2019-11-22 |y BK |k QUI | ||
| 952 | |0 0 |1 0 |4 0 |6 543_000000000000000_SKO_2005 |7 0 |8 A |9 394870 |a BIBCUR |b BIBCUR |d 2019-11-22 |i 4466918 |l 1 |o 543 SKO 2005 |p 4466918 |r 2025-04-22 |s 2022-09-09 |w 2019-11-22 |y BK |k QUI | ||
| 952 | |0 0 |1 0 |4 0 |6 543_000000000000000_SKO_2005 |7 0 |8 A |9 394871 |a BIBCUR |b BIBCUR |d 2019-11-22 |i 4466926 |l 1 |o 543 SKO 2005 |p 4466926 |r 2025-04-22 |s 2022-08-17 |w 2019-11-22 |y BK |k QUI | ||
| 952 | |0 0 |1 0 |4 0 |6 543_000000000000000_SKO_2005 |7 0 |8 A |9 394872 |a BIBCUR |b BIBCUR |d 2019-11-22 |i 4466934 |l 1 |o 543 SKO 2005 |p 4466934 |r 2025-04-22 |s 2022-04-08 |w 2019-11-22 |y BK |k QUI | ||